| 000 | 00641nam a2200193 i 4500 | ||
|---|---|---|---|
| 003 | IT-RoINE | ||
| 005 | 20140516152557.0 | ||
| 008 | 970922m19291930sp |r spa d | ||
| 040 |
_aSpMaBN _bspa _cCDM IT-RoINE _dIT-RoINE |
||
| 100 | 1 |
_aSanz Artibucilla, José María _97767 |
|
| 245 | 1 | 0 |
_aHistoria de la fidelísima y vencedora ciudad de Tarazona / _cJosé María Sanz Artibucilla. |
| 260 |
_aMadrid : _bEstanislao Maestre, _c1929-1930. |
||
| 300 |
_a2 v. : _bil. ; _c23 cm. |
||
| 336 |
_2rdacontent _atext |
||
| 337 |
_2rdamedia _aunmediated |
||
| 338 |
_2rdacarrier _avolume |
||
| 651 | 4 |
_aTarazona (España) _xHistoria _97768 |
|
| 942 | _cMTS | ||
| 999 |
_c3744 _d3744 |
||